Friends Quiz- Quite difficult - Statistics

General Stats
  • This quiz has been taken 559 times
  • The average score is 7 of 21
Answer Stats
Answer % Correct
How many monkeys played Marcel? 2
80%
What is Rachel's full name? Rachel Karen Green
76%
What are the names of phoebes brothers triplets? Chandler
71%
Who is the oldest actor/actress in the main cast? Lisa Kudrow
68%
Who was the first member of the group to be cast? David Schwimmer
51%
What other names were considered for the show? Friends like us, six of one,across the hall, insomnia cafe oronce upon a time in the west village
49%
Who is Rachel supposed to marry at the start of season one? Barry Farber
46%
Frank Jr. Jr
43%
Leslie
40%
Who did Joey and Chandler's white dog statue actually belong to? Jennifer Aniston
39%
What two characters were supposed to be just supporting characters? Joey and Phoebe
38%
What two characters were meant to have the main love storyline originally? Monica and Joey
35%
How much did each member of the main cast earn per episode by the last season? $1,000,000
34%
What is Rachels cat called? Mrs Whiskerson
20%
What is joey's full name? Joseph Francis Tribbiani Jr.
11%
What are the only two characters that didn't kiss on the show? Phoebe and Monica
10%
What is the first line said in the pilot episode of friends? There's nothing to tell
9%
In what episode does Gunther get his first line? 33
6%
What is chandlers job? Data processor
6%
How long is there in between Monica and Chandler's twins being born? 3 minutes and 46 seconds
2%
What is the triplets birthday? October 8th
1%
No matching quizzes found
Score Distribution
Percent of People with Each Score
Percentile by Number Answered
Your Score History
You have not taken this quiz